Регионална библиотека "Любен Каравелов" - Русе

Митовете около масоните (Запис номер 69465)

MARC детайли
000 -Лидер
Контролно поле с фиксирана дължина 01556nam a2200361 c 4500
003 - Код на организацията, давaща контролен номер
Контролно поле BLK
005 - Дата и час на последна редакция
Контролно поле 20250722092822.0
008 - Елементи от данни с фиксирана дължина
fixed length control field 180408b bul|||||r ||||||| ||bul||
010 ## - Наследен системен номер
LC control number KNG00073812000
020 ## - Международен стандартен номер на книга ISBN
Международен стандартен номер на книга ISBN 978-954-9994-62-9
-- издат.: Дилок
040 ## - Източник на каталожния запис
Идентификатор на билиотеката - собственик на записа BLK
041 ## - Код за език
Код за езика на текст/звукозапис или на отделно заглавие Български
Код за езика КДБФ Български
080 ## - УДК
Текстов определител УДК Организации, асоциации, движения със специални цели и/или области на дейност. Професионални асоциации(Ку-клукс-клан, масони, окултни движения, орден на тамплиерите).
УДК код - определител по УДК 061.23
УДК определител
УДК - код + определител 061.23
100 1# - Редна дума - Автор
Автор Хауф, Моника
Авторска отговорност първи автор
R(LIN) 294449
139 ## - Редно поле
Редна дума Хауф, Моника
Авторски знак Хауф - Х 33
245 10 - Сведения за заглавието
Заглавие Митовете около масоните
Редно поле (дума) Моника Хауф; прев. от нем. Светослав Коев.
257 ## - Страна на издаване
Страна на създаване/издаване Германия
260 ## - Област на издателските данни
-- с. Божурище, Софийско
Име на издателя, разпространителя и проч. Дилок
Година на издаване 2007
300 ## - Физическа характеристика
Страници 200 с.
Размери/Мащаб 21 см
380 ## - Жанр
Жанр Общ отдел
500 ## - Общи забележки
Забележка Ориг. загл. Der Mythos der Freimaurer / Monika Hauf. - Библиогр. с. 195-199.
504 ## - Забележка за наличие на библиография и др
Забележка за наличие на библиография и под. 195-199
650 #4 - Допълнително описание по предмет – тема
Основно описание – тема или топоним Масонство - история
9 (RLIN) 247145
653 ## - Ключова дума – ненормативна
Ключова дума масони
653 ## - Ключова дума – ненормативна
Ключова дума масонство
700 1# - Други автори (авторска отговорност)
Лично име Коев, Светослав
Автороска отговорност (Описва отношението между автора и произведението) прев. от нем.
9 (RLIN) 370485
852 ## - Местоположение
Форматна сигнатура Цб 232999
856 4# - Електронен адрес и достъп
Електронен формат pdf - файл
Път до файла /url/
856 4# - Електронен адрес и достъп
Електронен формат pdf - файл
Път до файла /url/
942 ## - АРТИКУЛИ
Вид на библиотечния материал Книги
Скрит в OPAC Не
Koha issues (borrowed), all copies 5
944 ## - СЪЗДАВАНЕ И РЕДАКЦИЯ на ЗАПИСА
Създаване/Редакция Създаване
Дата на регистрацията/редакция 05.04.2007
Служител, извършил регистрацията/редакцията 30575
Статус, дата на статуса Мартин Енчев
944 ## - СЪЗДАВАНЕ И РЕДАКЦИЯ на ЗАПИСА
Създаване/Редакция Редакция
Дата на регистрацията/редакция 10.11.2010
Служител, извършил регистрацията/редакцията
999 ## - СИСТЕМНИ КОНТРОЛНИ НОМЕРА
Koha biblionumber 69465
Koha biblioitemnumber 69465
Наличности
Код за отписване Код за изгубен артикул Източник на класификационната схема Код за повреда Коз за рестрикции Код за отдаване Артикулен № Име на библиотеката - собственик Име на библиотеката, в която се намира в момента Статус (Текущо местоположение) Дата на вписване в системата Местоположение - отдел Цена в лева Инвентарен номер Систематично азбучна сигнатура Баркод Номер на екземпляра Цена в евро Служебна бележка Служебен тип на артикула
  Не е изгубен Universal Decimal Classification Не е повреден без рестрикции ползва се в читалня 113945 Регионална библиотека "Любен Каравелов" Русе Регионална библиотека "Любен Каравелов" Русе Читалня 2007-04-05 Читалня 10.00 120000712095 Ч 06/Х 33 120000712095 1 5.11 Дост: Pk Вид: Ф N: 3178 Дата: 04.04.2007 Дата инв: 21.03.2017 Бележки инв: Ч2017 Книги
  Не е изгубен   Не е повреден без рестрикции заемане за дома 113946 Регионална библиотека "Любен Каравелов" Русе Регионална библиотека "Любен Каравелов" Русе Заемна - подръчен фонд 2007-05-21 Заемна - подръчен фонд 10.00 120000713778 П 06/Х 33 120000713778 2 5.11 Дост: Pk Вид: Ф N: 4373 Дата: 08.05.2007 Дата инв: 01.02.2018 Бележки инв: П2018 Книги
  Не е изгубен   Не е повреден без рестрикции заемане за дома 113947 Регионална библиотека "Любен Каравелов" Русе Регионална библиотека "Любен Каравелов" Русе Заемна - подръчен фонд 2007-07-24 Заемна - подръчен фонд 10.00 120000715502 П 06/Х 33 120000715502 3 5.11 Дост: Pk Вид: Ф N: 6865 Дата: 20.07.2007 Дата инв: 01.02.2018 Бележки инв: П2018 Книги
  Не е изгубен   Не е повреден без рестрикции ползва се в читалня 113948 Регионална библиотека "Любен Каравелов" Русе Регионална библиотека "Любен Каравелов" Русе Хранилище 2010-11-10 Хранилище 10.00 120000747229 Цб 232999 120000747229 4 5.11 Дост: Dp Вид: Д N: 11 Дата: 04.03.2010 Книги
Vip Innovations Ltd, Rousse, Bulgaria 2025